Stations de Tramway de Dijon (France) - Statistiques

Statistiques générales
  • Ce quiz a été pris 443 fois
  • Le résultat moyen est 24 sur 38
Statistiques - réponses
Réponse % Correct
république
94%
République
94%
Darcy
93%
Darcy
93%
Toison d'Or
83%
Godrans
81%
Godrans
81%
Université
81%
Grésilles
77%
Auditorium
75%
Foch Gare
74%
Foch Gare
74%
Drapeau
70%
Dijon Gare
69%
Quétigny Centre
69%
Cap Vert
67%
Erasme
67%
Parc des Sports
67%
Piscine Olympique
67%
Chenôve Centre
65%
Nation
64%
Zénith
62%
Monge
58%
Poincaré
58%
Europe
52%
1 er Mai
51%
CHU Hopitaux
51%
Junot
51%
Grand Marché
48%
Bourroches
47%
Dijon Valmy
45%
Mazen - Sully
42%
Giroud
39%
Jaures
35%
Carraz
32%
Le Mail
31%
Valendon
27%
Pôle Santé
25%
Aucun quiz correspondant
Distribution des résultats
% des personnes avec chaque résultat
Percentile par nombre de réponses
Votre historique - résultats
Vous n’avez pas pris ce quiz